| 000 | 00467nam a22001457a 4500 | ||
|---|---|---|---|
| 082 | _aP-541 | ||
| 100 |
_aMuhammad Shehzad _948344 |
||
| 245 | _aAnalysis of deflected waffle slab (a case study of station officer mess) and overview of retrofitting techniques for strengthening of slab/ | ||
| 260 |
_aRisalpur: _bMCE _cc2013 |
||
| 300 |
_ax, 88p; _c26cm |
||
| 526 |
_a0 _b0 _c0 _dP_541 |
||
| 650 | _aProject | ||
| 700 |
_aDr. Naseem Baig, Col _948345 |
||
| 942 |
_2ddc _cBK |
||
| 999 |
_c551320 _d551320 |
||